[Event "7th Essent op"]
[Site "Hoogeveen NED"]
[Date "2003.10.16"]
[Round "7.29"]
[White "Bensdorp, Marlies"]
[Black "Cako, Laszlo"]
[Result "0-1"]
[WhiteElo "2171"]
[BlackElo "2164"]
[EventDate "2003.10.10"]
[PlyCount "96"]

1.d4 Nf6 2.Bg5 e6 3.e4 h6 4.Bxf6 Qxf6 5.c3 d6 6.Bd3 Nd7 7.Ne2 g5 8.Nd2 Nb6
9.a4 Bd7 10.a5 Nc8 11.Qb3 Rb8 12.Nc4 Bg7 13.e5 Qe7 14.a6 b6 15.Ng3 h5 16.
exd6 cxd6 17.Kd1 Bc6 18.Ne3 h4 19.Bb5 Qd7 20.Bxc6 Qxc6 21.d5 exd5 22.Ngf5 
O-O 23.Nxg7 Kxg7 24.Qxd5 Qxd5+ 25.Nxd5 Re8 26.Re1 Rxe1+ 27.Kxe1 Ne7 28.
Nxe7 Re8 29.Kd2 Rxe7 30.b4 Kf6 31.Kd3 Kf5 32.h3 Kf4 33.b5 Re5 34.Rb1 f5 
35.c4 g4 36.hxg4 fxg4 37.Rh1 h3 38.gxh3 Rh5 39.h4 Kf3 40.Rh2 d5 41.cxd5 
Rxd5+ 42.Kc4 Rc5+ 43.Kd3 Rh5 44.Kd2 Rxb5 45.h5 g3 46.Rh3 Rb2+ 47.Kc3 Rxf2 
48.h6 Rh2 0-1

[Event "7th Essent op"]
[Site "Hoogeveen NED"]
[Date "2003.10.16"]
[Round "7.30"]
[White "Westerkamp, Bert"]
[Black "Van der Veen, Jan"]
[Result "1/2-1/2"]
[WhiteElo "2129"]
[BlackElo "2118"]
[EventDate "2003.10.10"]
[PlyCount "53"]

1.Nf3 Nf6 2.b3 g6 3.Bb2 Bg7 4.e3 O-O 5.c4 c5 6.d3 d5 7.Nbd2 b6 8.Be2 Nc6 
9.Ne5 Nxe5 10.Bxe5 Bb7 11.Nf3 Qd7 12.O-O Ne8 13.Bxg7 Nxg7 14.d4 Rac8 15.
cxd5 Qxd5 16.dxc5 Rxc5 17.Qxd5 Bxd5 18.Rfd1 Be6 19.Nd4 Bd7 20.h3 Nf5 21.
Bf3 Nxd4 22.Rxd4 Be6 23.Rad1 Rfc8 24.Kf1 Kg7 25.Ke2 R8c7 26.R1d2 h5 27.h4 
1/2-1/2

[Event "7th Essent op"]
[Site "Hoogeveen NED"]
[Date "2003.10.16"]
[Round "7.31"]
[White "Nagel, Yvette"]
[Black "Galje, Hans"]
[Result "0-1"]
[WhiteElo "2075"]
[BlackElo "2089"]
[EventDate "2003.10.10"]
[PlyCount "42"]

1.e4 e6 2.d4 d5 3.Nd2 Nf6 4.e5 Nfd7 5.f4 c5 6.c3 Nc6 7.Ngf3 cxd4 8.cxd4 f6
9.Nb3 a5 10.Be3 Qb6 11.Qe2 a4 12.Nc1 Bb4+ 13.Kf2 fxe5 14.fxe5 O-O 15.Qb5 
Qd8 16.Kg1 a3 17.bxa3 Bc3 18.Rb1 Rxf3 19.gxf3 Nxd4 20.Qd3 Nxf3+ 21.Kf2 
Qh4+ 0-1

[Event "7th Essent op"]
[Site "Hoogeveen NED"]
[Date "2003.10.17"]
[Round "8.1"]
[White "Inarkiev, Ernesto"]
[Black "Pert, Nicholas"]
[Result "1/2-1/2"]
[WhiteElo "2593"]
[BlackElo "2488"]
[EventDate "2003.10.10"]
[PlyCount "71"]

1.d4 d5 2.c4 c6 3.Nf3 Nf6 4.e3 Bg4 5.h3 Bxf3 6.Qxf3 e6 7.Nc3 Nbd7 8.Bd3 
Bd6 9.O-O O-O 10.Bd2 Qe7 11.Rae1 dxc4 12.Bxc4 e5 13.Bd3 Rfe8 14.Bb1 Rad8 
15.Rd1 Bc7 16.Bc1 e4 17.Qe2 Qd6 18.f4 exf3 19.Qxf3 c5 20.Nb5 Qh2+ 21.Kf2 
Bb6 22.Qg3 Qxg3+ 23.Kxg3 Nf8 24.dxc5 Bxc5 25.Nc7 Rxd1 26.Rxd1 Re7 27.Nb5 
a6 28.Nd4 g6 29.Kf3 h5 30.Bd2 N8h7 31.h4 Ng4 32.Rc1 Nh2+ 33.Kf2 Ng4+ 34.
Kf3 Nh2+ 35.Kf2 Ng4+ 36.Kf3 1/2-1/2

[Event "7th Essent op"]
[Site "Hoogeveen NED"]
[Date "2003.10.17"]
[Round "8.2"]
[White "Izoria, Zviad"]
[Black "Grigoriants, Sergey"]
[Result "1-0"]
[WhiteElo "2546"]
[BlackElo "2525"]
[EventDate "2003.10.10"]
[PlyCount "105"]

1.d4 Nf6 2.c4 e6 3.Nf3 b6 4.e3 Bb7 5.Nc3 d5 6.cxd5 exd5 7.Bb5+ c6 8.Bd3 
Nbd7 9.O-O Bd6 10.e4 dxe4 11.Nxe4 Nxe4 12.Bxe4 O-O 13.Bg5 Be7 14.Bxe7 Qxe7
15.Re1 Qd6 16.Ne5 Nf6 17.Bf3 Nd5 18.Rc1 Rfe8 19.Qa4 Re6 20.Nc4 Qf4 21.Bxd5
cxd5 22.Ne3 Qd6 23.Qc2 Rae8 24.Qc7 Qxc7 25.Rxc7 R6e7 26.Rec1 Kf8 27.g4 
Rxc7 28.Rxc7 Re7 29.Rc3 h6 30.f3 g6 31.h4 Ke8 32.Kf2 Kd7 33.Ra3 a5 34.Rb3 
Re6 35.Rc3 Kd6 36.h5 Bc6 37.Rc1 gxh5 38.gxh5 Rf6 39.Kg3 Bd7 40.f4 Be6 41.
Rc3 a4 42.b3 Bd7 43.bxa4 Bxa4 44.f5 Kd7 45.Kf4 Rd6 46.Ng4 Bd1 47.Ne5+ Ke7 
48.Rc7+ Ke8 49.Rc1 Bxh5 50.Rh1 f6 51.Rxh5 fxe5+ 52.dxe5 Rc6 53.f6 1-0

[Event "7th Essent op"]
[Site "Hoogeveen NED"]
[Date "2003.10.17"]
[Round "8.3"]
[White "Jens, Jelmer"]
[Black "Rogers, Ian"]
[Result "0-1"]
[WhiteElo "2387"]
[BlackElo "2574"]
[EventDate "2003.10.10"]
[PlyCount "74"]

1.e4 Nc6 2.Nf3 d6 3.d4 Nf6 4.Nc3 Bg4 5.Be2 e6 6.O-O Be7 7.d5 exd5 8.exd5 
Bxf3 9.Bxf3 Ne5 10.Be3 O-O 11.Be2 c5 12.a4 a6 13.a5 Re8 14.h3 Nfd7 15.Qd2 
f5 16.Na4 Bf6 17.Ra2 g5 18.f4 Nc4 19.Bxc4 Rxe3 20.Bd3 gxf4 21.Bxf5 Bd4 22.
Kh1 Be5 23.Bxd7 Qxd7 24.Nb6 Rxh3+ 25.gxh3 Qxh3+ 26.Qh2 Qxf1+ 27.Qg1+ Qxg1+
28.Kxg1 Rf8 29.c3 Rf5 30.Ra1 Kf7 31.Kf2 Rh5 32.Kg2 Kf6 33.Nc4 Kf5 34.Re1 
Rg5+ 35.Kf3 Rg3+ 36.Kf2 h5 37.Rh1 Ke4 0-1

[Event "7th Essent op"]
[Site "Hoogeveen NED"]
[Date "2003.10.17"]
[Round "8.4"]
[White "l`Ami, Erwin"]
[Black "Hort, Vlastimil"]
[Result "0-1"]
[WhiteElo "2470"]
[BlackElo "2546"]
[EventDate "2003.10.10"]
[PlyCount "68"]

1.e4 c5 2.Nf3 Nc6 3.d4 cxd4 4.Nxd4 e6 5.Nb5 d6 6.c4 Nf6 7.N1c3 a6 8.Na3 
Be7 9.Be2 O-O 10.O-O b6 11.Be3 Nd7 12.f4 Rb8 13.Nc2 Qc7 14.Nd4 Bb7 15.Rc1 
Nxd4 16.Bxd4 Bf6 17.Kh1 Rbc8 18.b3 Rfd8 19.Bxf6 Nxf6 20.Bf3 Qb8 21.Qe2 Bc6
22.a4 Nd7 23.f5 Re8 24.fxe6 fxe6 25.Rfd1 Nc5 26.Rb1 Qc7 27.Qe3 Rcd8 28.Qd2
Qe7 29.Qc2 Rf8 30.Ne2 Qh4 31.Nc3 Qf4 32.b4 Nd7 33.Rd4 Ne5 34.Be2 Ng4 0-1

[Event "7th Essent op"]
[Site "Hoogeveen NED"]
[Date "2003.10.17"]
[Round "8.6"]
[White "Dvoirys, Semen I"]
[Black "Baramidze, David"]
[Result "1/2-1/2"]
[WhiteElo "2569"]
[BlackElo "2463"]
[EventDate "2003.10.10"]
[PlyCount "143"]

1.e4 c5 2.Nf3 d6 3.d4 cxd4 4.Nxd4 Nf6 5.Nc3 a6 6.Be2 e6 7.O-O Be7 8.f4 Qc7
9.Bf3 Nc6 10.Kh1 Bd7 11.a4 O-O 12.Nb3 b6 13.g4 Bc8 14.g5 Nd7 15.Bg2 Re8 
16.f5 Nde5 17.f6 Bf8 18.fxg7 Bxg7 19.Ne2 d5 20.exd5 exd5 21.Nf4 Ne7 22.Nd4
Bg4 23.Qe1 N5g6 24.Qf2 Nxf4 25.Bxf4 Qd7 26.Bg3 Ng6 27.Ra3 Rad8 28.Rb3 Qxa4
29.Nf5 Bxf5 30.Qxf5 Qd7 31.Qxd7 Rxd7 32.Rxb6 Re2 33.Bh3 Rde7 34.Bd6 Re8 
35.Bf5 Re1 36.Rxe1 Rxe1+ 37.Kg2 Bd4 38.Rb8+ Kg7 39.Bg3 Rg1+ 40.Kh3 Be3 41.
Kg4 Bf4 42.Re8 Bxg3 43.hxg3 a5 44.b3 Ra1 45.Ra8 Ne7 46.Bd3 Nc6 47.Kf4 Nb4 
48.Bf5 Rf1+ 49.Kg4 Nc6 50.Re8 Rf2 51.c3 h5+ 52.gxh6+ Kxh6 53.Bd7 Rf6 54.
Bf5 Rd6 55.Re2 Kg7 56.Kf4 d4 57.Rd2 Rd8 58.c4 Nb4 59.Be4 Na6 60.Ra2 Nc5 
61.Bc2 Nb7 62.Be4 Nc5 63.Rxa5 Nxb3 64.Rb5 Nc1 65.Rb2 Rc8 66.Rc2 Nb3 67.Bf5
Rc5 68.g4 Na5 69.Ke4 Nc6 70.Rc1 Re5+ 71.Kf4 Rc5 72.Ke4 1/2-1/2

[Event "7th Essent op"]
[Site "Hoogeveen NED"]
[Date "2003.10.17"]
[Round "8.7"]
[White "Glek, Igor Vladimirovich"]
[Black "Williams, Simon Kim"]
[Result "1-0"]
[WhiteElo "2555"]
[BlackElo "2380"]
[EventDate "2003.10.10"]
[PlyCount "57"]

1.e4 e6 2.d4 d5 3.Nc3 Bb4 4.exd5 exd5 5.Bd3 Nc6 6.a3 Bxc3+ 7.bxc3 Nf6 8.
Ne2 O-O 9.O-O Na5 10.Ng3 Bg4 11.f3 Bd7 12.Bf4 Re8 13.Qc1 Re6 14.Bf5 Rc6 
15.Re1 Qc8 16.Bd3 Nc4 17.Be5 Ne8 18.Nh5 Bf5 19.Nf4 Nb6 20.Bb5 Rxc3 21.Bxe8
Qxe8 22.Bxg7 Qc6 23.Re5 Bg6 24.Nxg6 Kxg7 25.Ne7 Qf6 26.Qe1 Rxc2 27.Qg3+ 
Kh8 28.Rae1 Rf8 29.Rg5 1-0

[Event "7th Essent op"]
[Site "Hoogeveen NED"]
[Date "2003.10.17"]
[Round "8.8"]
[White "Hoeksema, Hendrik Pieter"]
[Black "Stellwagen, Daniel"]
[Result "1/2-1/2"]
[WhiteElo "2351"]
[BlackElo "2487"]
[EventDate "2003.10.10"]
[PlyCount "106"]

1.e4 e6 2.d4 d5 3.e5 c5 4.c3 Nc6 5.Nf3 Bd7 6.Be2 Nge7 7.Na3 cxd4 8.cxd4 
Nf5 9.Nc2 Be7 10.O-O h5 11.Ne3 g5 12.Nxf5 exf5 13.h4 gxh4 14.Kh2 Qb6 15.
Be3 Rg8 16.b4 Nd8 17.Ng1 Ne6 18.Nh3 Rc8 19.a3 f4 20.Bxf4 Qxd4 21.Qxd4 Nxd4
22.Bxh5 Rc4 23.Be3 Nc2 24.Ra2 d4 25.Bd2 Bg4 26.Bxg4 Rxg4 27.Nf4 Bg5 28.Nd5
d3 29.Bxg5 Rxg5 30.Rd1 Rd4 31.Ne3 Nxe3 32.fxe3 Rd5 33.Rad2 Rgxe5 34.Rxd3 
Rxd3 35.Rxd3 Ke7 36.g3 Re4 37.gxh4 Rxh4+ 38.Kg3 Rc4 39.Kf3 Ke6 40.e4 Ke5 
41.Rd5+ Ke6 42.Rd3 b6 43.Ke3 f6 44.Kf3 Rc7 45.Kf4 Rh7 46.b5 Rh4+ 47.Ke3 
Rh1 48.a4 Rc1 49.Rd4 Rc3+ 50.Rd3 Rc5 51.Rd8 Rc4 52.Rd4 Rc7 53.Rd8 Rc4 
1/2-1/2

[Event "7th Essent op"]
[Site "Hoogeveen NED"]
[Date "2003.10.17"]
[Round "8.9"]
[White "Afek, Yochanan"]
[Black "Beshukov, Sergei"]
[Result "1/2-1/2"]
[WhiteElo "2376"]
[BlackElo "2506"]
[EventDate "2003.10.10"]
[PlyCount "125"]

1.e4 c5 2.Nf3 g6 3.d4 cxd4 4.Nxd4 Nc6 5.Nc3 Bg7 6.Nb3 Nf6 7.Be2 O-O 8.O-O 
d6 9.Bg5 Bd7 10.Kh1 a6 11.f4 Rc8 12.Bf3 Be6 13.Qe1 h6 14.Bh4 Nh7 15.Rd1 g5
16.Bg3 Qe8 17.Nd5 Bxb2 18.c3 Nb8 19.Rf2 Ba3 20.h4 g4 21.Be2 Nd7 22.Bd3 Nc5
23.Bb1 Nxb3 24.axb3 Bc5 25.Rf1 f6 26.b4 Ba7 27.f5 Bxd5 28.exd5 Rf7 29.Qd2 
h5 30.Rfe1 Qd8 31.Re4 b5 32.c4 bxc4 33.Rc1 Qb6 34.Qh6 Rg7 35.Qxh5 c3 36.
Bc2 Kh8 37.Rce1 Rcg8 38.Bf4 Qf2 39.Ba4 g3 40.Bh6 Rg4 41.Rxe7 Qxf5 42.Bg7+ 
R8xg7 43.Re8+ Rg8 44.Rxg8+ Kxg8 45.Re8+ Nf8 46.Qxf5 Rxh4+ 47.Qh3 Rxh3+ 48.
gxh3 f5 49.Bc2 f4 50.Kg2 Kf7 51.Ra8 Bf2 52.Bf5 Ng6 53.Bxg6+ Kxg6 54.Rc8 
Be1 55.Kf3 Bd2 56.h4 Kf5 57.Rc7 Kf6 58.Rc6 Ke5 59.h5 Kxd5 60.Rc8 g2 61.
Kxg2 Ke4 62.h6 f3+ 63.Kf2 1/2-1/2

[Event "7th Essent op"]
[Site "Hoogeveen NED"]
[Date "2003.10.17"]
[Round "8.10"]
[White "Ris, Robert"]
[Black "Janssen, Ruud"]
[Result "0-1"]
[WhiteElo "2297"]
[BlackElo "2489"]
[EventDate "2003.10.10"]
[PlyCount "66"]

1.e4 e5 2.Nf3 Nc6 3.Bb5 a6 4.Ba4 Nf6 5.O-O b5 6.Bb3 Bb7 7.d3 Bc5 8.a4 d6 
9.Nc3 b4 10.Ne2 O-O 11.c3 Rb8 12.a5 Ne7 13.Bg5 Ng6 14.Ng3 h6 15.Bd2 bxc3 
16.bxc3 d5 17.exd5 Bxd5 18.Bxd5 Qxd5 19.Qc2 Rfd8 20.d4 e4 21.c4 Qa8 22.Ne5
Bxd4 23.Nxg6 Bxa1 24.Ne7+ Kf8 25.Rxa1 Kxe7 26.Nf5+ Kf8 27.Bxh6 gxh6 28.Qc1
Ng8 29.Qa3+ Rd6 30.Rd1 Qc6 31.Nxd6 cxd6 32.Rxd6 Ke8 33.Rd1 Rc8 0-1

[Event "7th Essent op"]
[Site "Hoogeveen NED"]
[Date "2003.10.17"]
[Round "8.11"]
[White "Jonkman, Harmen"]
[Black "Okkes, Menno"]
[Result "1/2-1/2"]
[WhiteElo "2414"]
[BlackElo "2352"]
[EventDate "2003.10.10"]
[PlyCount "31"]

1.e4 c6 2.d4 d5 3.Nd2 dxe4 4.Nxe4 Bf5 5.Ng3 Bg6 6.h4 h6 7.Nf3 e6 8.Ne5 Bh7
9.Bd3 Bxd3 10.Qxd3 Nd7 11.f4 Ne7 12.Bd2 Nxe5 13.fxe5 c5 14.Qb5+ Nc6 15.
Qxb7 Qc8 16.Qxc8+ 1/2-1/2

[Event "7th Essent op"]
[Site "Hoogeveen NED"]
[Date "2003.10.17"]
[Round "8.12"]
[White "Werle, Jan"]
[Black "Spoelman, Wouter"]
[Result "1-0"]
[WhiteElo "2409"]
[BlackElo "2193"]
[EventDate "2003.10.10"]
[PlyCount "69"]

1.Nf3 Nf6 2.c4 e6 3.Nc3 Bb4 4.Qc2 O-O 5.a3 Bxc3 6.Qxc3 b6 7.e3 Bb7 8.Be2 
d6 9.O-O Nbd7 10.b4 e5 11.Bb2 Re8 12.Rae1 c5 13.d4 Ne4 14.Qc2 Ng5 15.Nxg5 
Qxg5 16.d5 b5 17.e4 bxc4 18.Bxc4 cxb4 19.axb4 Rec8 20.Qe2 Nb6 21.Bd3 Na4 
22.Bc1 Qd8 23.Qh5 Rc7 24.f4 exf4 25.Bxf4 f6 26.Qh3 Bc8 27.Qg3 Rc3 28.Rc1 
Qb6+ 29.Kh1 Ba6 30.Rxc3 Nxc3 31.Bh6 g6 32.Qf3 Bxd3 33.Qxf6 Qc7 34.Qf8+ 
Rxf8 35.Rxf8# 1-0

[Event "7th Essent op"]
[Site "Hoogeveen NED"]
[Date "2003.10.17"]
[Round "8.13"]
[White "Willemze, Thomas"]
[Black "Willemze, Jeroen"]
[Result "1-0"]
[WhiteElo "2232"]
[BlackElo "2380"]
[EventDate "2003.10.10"]
[PlyCount "37"]

1.c4 e5 2.g3 Nf6 3.Bg2 d5 4.cxd5 Nxd5 5.Nf3 Nc6 6.O-O Nb6 7.b3 g6 8.Nc3 
Bg7 9.Ba3 f5 10.Rc1 Be6 11.d3 h6 12.e4 Qf6 13.exf5 gxf5 14.Nb5 Rc8 15.Nh4 
Bd7 16.d4 exd4 17.Re1+ Ne5 18.f4 Qf7 19.Nxd4 1-0

[Event "7th Essent op"]
[Site "Hoogeveen NED"]
[Date "2003.10.17"]
[Round "8.14"]
[White "Rubingh, Otto"]
[Black "Hebden, Mark"]
[Result "1/2-1/2"]
[WhiteElo "2299"]
[BlackElo "2560"]
[EventDate "2003.10.10"]
[PlyCount "103"]

1.d4 Nf6 2.Nf3 g6 3.c4 Bg7 4.Nc3 O-O 5.e4 d6 6.Be2 e5 7.dxe5 dxe5 8.Qxd8 
Rxd8 9.Bg5 Rf8 10.O-O-O Nbd7 11.Nd2 c6 12.Be3 Re8 13.h4 Bf8 14.h5 Nc5 15.
hxg6 fxg6 16.b4 Na6 17.a3 Ng4 18.Bxg4 Bxg4 19.f3 Be6 20.Kb2 Nc7 21.Nb3 b6 
22.b5 Bxc4 23.bxc6 Re6 24.Rd7 Rxc6 25.Rhxh7 Rc8 26.Nd4 Rd6 27.Rxc7 Rxc7 
28.Rxc7 exd4 29.Rxc4 dxe3 30.Nd5 b5 31.Rc1 Ra6 32.Nb4 Ra4 33.Nc2 Bc5 34.
Rd1 Kf7 35.Ra1 Ke6 36.Kc3 Bxa3 37.Rb1 a6 38.Nxe3 Bd6 39.Nd5 Ke5 40.Re1 g5 
41.Kb2 Ba3+ 42.Kb3 Bc5 43.Rc1 Bd6 44.Rc8 Ra1 45.Rg8 a5 46.Rxg5+ Ke6 47.
Rg6+ Kd7 48.Nb6+ Kc7 49.Na8+ Kd7 50.Nb6+ Kc7 51.Na8+ Kd7 52.Nb6+ 1/2-1/2

[Event "7th Essent op"]
[Site "Hoogeveen NED"]
[Date "2003.10.17"]
[Round "8.15"]
[White "Van der Werf, Mark"]
[Black "Wempe, Joost"]
[Result "1/2-1/2"]
[WhiteElo "2423"]
[BlackElo "2259"]
[EventDate "2003.10.10"]
[PlyCount "83"]

1.d4 e6 2.c4 Nf6 3.Nf3 d5 4.Nc3 Be7 5.Bg5 O-O 6.e3 Nbd7 7.Rc1 a6 8.cxd5 
exd5 9.Bd3 Re8 10.O-O c6 11.Qc2 Nf8 12.Rce1 Ne4 13.Bxe7 Qxe7 14.Bxe4 dxe4 
15.Nd2 f5 16.f3 exf3 17.Nxf3 Be6 18.e4 fxe4 19.Nxe4 Bd5 20.Nc5 Qf6 21.Ne5 
Qh4 22.Qf2 Qxf2+ 23.Rxf2 Re7 24.a3 Ng6 25.h3 Rae8 26.Rc1 Nxe5 27.dxe5 b6 
28.Nxa6 c5 29.b4 Bb7 30.b5 Rxe5 31.a4 Re1+ 32.Rxe1 Rxe1+ 33.Kh2 Ra1 34.Nb8
Rd1 35.Nc6 h6 36.a5 bxa5 37.Nxa5 Bd5 38.Rb2 c4 39.b6 c3 40.b7 Bxb7 41.Rxb7
c2 42.Nb3 1/2-1/2

[Event "7th Essent op"]
[Site "Hoogeveen NED"]
[Date "2003.10.17"]
[Round "8.16"]
[White "Van Beek, Alexander"]
[Black "Dambacher, Martijn"]
[Result "0-1"]
[WhiteElo "2276"]
[BlackElo "2419"]
[EventDate "2003.10.10"]
[PlyCount "78"]

1.d4 Nf6 2.Nf3 e6 3.c4 c5 4.d5 exd5 5.cxd5 d6 6.Nc3 g6 7.h3 a6 8.a4 Qe7 9.
Bf4 Bg7 10.e3 O-O 11.Be2 Nbd7 12.O-O Nh5 13.Bh2 f5 14.Nd2 Nhf6 15.Nc4 Ne8 
16.Qd2 Rb8 17.a5 Ne5 18.Nb6 Nc7 19.Rae1 Bd7 20.e4 fxe4 21.Nxe4 Bf5 22.Bd1 
Bxe4 23.Rxe4 Qf7 24.Rfe1 Rbe8 25.Ba4 Nb5 26.f4 Nd7 27.Nc4 Rxe4 28.Rxe4 Nf6
29.Re6 Nxd5 30.Rxd6 Nxd6 31.Nxd6 Qe6 32.f5 gxf5 33.Bb3 Bd4+ 34.Kh1 Kh8 35.
Bf4 Rd8 36.Nxb7 Re8 37.Nxc5 Qe1+ 38.Qxe1 Rxe1+ 39.Kh2 Nxf4 0-1

[Event "7th Essent op"]
[Site "Hoogeveen NED"]
[Date "2003.10.17"]
[Round "8.17"]
[White "Timmermans, Ivo"]
[Black "Prasad, Devaki V"]
[Result "1-0"]
[WhiteElo "2213"]
[BlackElo "2409"]
[EventDate "2003.10.10"]
[PlyCount "81"]

1.e4 e5 2.Nf3 Nc6 3.Bb5 a6 4.Ba4 Nf6 5.O-O Be7 6.Re1 b5 7.Bb3 d6 8.c3 O-O 
9.h3 Na5 10.Bc2 c5 11.d4 Nd7 12.dxc5 dxc5 13.Nbd2 Bb7 14.Nf1 Nc4 15.b3 
Ncb6 16.Qe2 c4 17.Ne3 cxb3 18.axb3 g6 19.Bb2 Qc7 20.Rad1 Nc5 21.Nd5 Nxd5 
22.exd5 Bd6 23.h4 f6 24.h5 Qg7 25.hxg6 hxg6 26.Ba1 Rae8 27.Nh4 f5 28.Qd2 
Bc8 29.c4 bxc4 30.bxc4 g5 31.Nf3 g4 32.Nh4 Rf6 33.g3 Bd7 34.Re2 f4 35.Rde1
Qg5 36.Ng6 Rxg6 37.gxf4 Qh6 38.Bxg6 Qxg6 39.fxe5 Nd3 40.exd6 Nxe1 41.Rxe8+
1-0

[Event "7th Essent op"]
[Site "Hoogeveen NED"]
[Date "2003.10.17"]
[Round "8.18"]
[White "Van Geffen, Ben"]
[Black "Archangelsky, Mikhail"]
[Result "0-1"]
[WhiteElo "2150"]
[BlackElo "2344"]
[EventDate "2003.10.10"]
[PlyCount "160"]

1.e4 e6 2.d4 d5 3.e5 c5 4.c3 Qb6 5.Nf3 Nc6 6.a3 Bd7 7.b4 cxd4 8.cxd4 Rc8 
9.Be3 Nh6 10.Bd3 Ng4 11.h3 Nxe3 12.fxe3 Be7 13.O-O Nb8 14.Qe2 O-O 15.Nbd2 
Ba4 16.Ra2 Rc3 17.Ne1 a6 18.Nb1 Rc7 19.Qh5 g6 20.Qh6 Bb5 21.Raf2 Rc1 22.
Bxb5 axb5 23.Nd2 Qd8 24.Ndf3 Rc7 25.Nd3 Re8 26.h4 Bf8 27.Qf4 Bg7 28.Nh2 
Rf8 29.Qg3 Nc6 30.Ng4 Ne7 31.Nf6+ Bxf6 32.exf6 Nf5 33.Qf4 h5 34.Qg5 Kh7 
35.Rxf5 exf5 36.Rxf5 Qd7 37.Rxd5 Qg4 38.Qxg4 hxg4 39.Kf2 Ra8 40.Rxb5 Rxa3 
41.Rc5 Rxc5 42.Nxc5 b6 43.Nd7 b5 44.Ne5 Kg8 45.d5 Kf8 46.Nc6 Ke8 47.Nd4 
Ra6 48.Nxb5 Rxf6+ 49.Kg3 Rb6 50.Nd4 Rxb4 51.Kxg4 Kd7 52.Kg5 Kd6 53.Kf6 
Kxd5 54.Kxf7 Rb6 55.Ne2 Ke4 56.Nf4 Kf5 57.g4+ Kxg4 58.Nxg6 Kh5 59.Nf4+ 
Kxh4 60.Nd5 Ra6 61.e4 Kg5 62.Ke7 Ra4 63.Nf6 Ra7+ 64.Nd7 Kf4 65.e5 Kf5 66.
Kd6 Ra8 67.Ke7 Ra6 68.Nc5 Rc6 69.Nd7 Rh6 70.Kf7 Rh7+ 71.Ke8 Rg7 72.Kd8 Ke6
73.Nf6 Kxe5 74.Ne8 Rh7 75.Nc7 Kd6 76.Ne8+ Kc6 77.Nf6 Rf7 78.Ne4 Kd5 79.Ng5
Rg7 80.Nf3 Rg3 0-1

[Event "7th Essent op"]
[Site "Hoogeveen NED"]
[Date "2003.10.17"]
[Round "8.19"]
[White "Erwich, Marc"]
[Black "Potze, Rudolf"]
[Result "1-0"]
[WhiteElo "2333"]
[BlackElo "2124"]
[EventDate "2003.10.10"]
[PlyCount "79"]

1.Nf3 c5 2.e4 Nc6 3.d4 cxd4 4.Nxd4 Nf6 5.Nc3 e5 6.Ndb5 d6 7.Nd5 Nxd5 8.
exd5 Nb8 9.c4 Be7 10.Be2 a6 11.Nc3 O-O 12.O-O f5 13.f4 Nd7 14.g3 Bf6 15.
Be3 exf4 16.gxf4 Re8 17.Bd4 Nc5 18.Bf3 Ne4 19.Re1 Nxc3 20.bxc3 Bd7 21.
Rxe8+ Bxe8 22.Bxf6 Qxf6 23.Qd4 Rc8 24.Qxf6 gxf6 25.Be2 b5 26.Rb1 Rc5 27.a4
bxa4 28.Rb8 a3 29.Rxe8+ Kf7 30.Re3 Rc7 31.Bd3 Rb7 32.Bxf5 a2 33.Re1 Rb2 
34.Bxh7 Kg7 35.Bf5 Rd2 36.Ra1 Kh6 37.c5 Rxd5 38.cxd6 Rxf5 39.c4 Rxf4 40.c5
1-0

[Event "7th Essent op"]
[Site "Hoogeveen NED"]
[Date "2003.10.17"]
[Round "8.20"]
[White "Hendriks, Richard V"]
[Black "Dogge, Marc"]
[Result "0-1"]
[WhiteElo "2108"]
[BlackElo "2228"]
[EventDate "2003.10.10"]
[PlyCount "96"]

1.e4 c5 2.Nf3 e6 3.d4 cxd4 4.Nxd4 Nf6 5.Nc3 d6 6.Bc4 Be7 7.Bb3 Na6 8.Ba4+ 
Bd7 9.Bxd7+ Qxd7 10.O-O Nc5 11.Qe2 a6 12.Bd2 d5 13.e5 Nfe4 14.Nxe4 Nxe4 
15.Be3 O-O 16.f3 Nc5 17.f4 g6 18.Qg4 f5 19.exf6 Bxf6 20.Nf3 Na4 21.Ne5 
Bxe5 22.fxe5 Rf5 23.Rxf5 exf5 24.Qd4 Rc8 25.Bh6 Nc5 26.e6 Nxe6 27.Qf6 Qf7 
28.Qe5 Nc7 29.h3 Re8 30.Qd6 Qe7 31.Qb6 Nb5 32.Rd1 Qc7 33.Qf6 Qe5 34.Qb6 
Nd6 35.Qc5 Nf7 36.Bd2 Qd6 37.Qd4 Re4 38.Qa7 Qc6 39.Bc3 Nd6 40.Qf2 Nb5 41.
Ba5 Ra4 42.Qe1 b6 43.Bb4 a5 44.Bd2 Re4 45.Qg3 Nd4 46.Kh1 Ne2 47.Qd3 Qe6 
48.Bh6 Rd4 0-1

[Event "7th Essent op"]
[Site "Hoogeveen NED"]
[Date "2003.10.17"]
[Round "8.23"]
[White "Cako, Laszlo"]
[Black "Jongsma, Daan"]
[Result "1/2-1/2"]
[WhiteElo "2164"]
[BlackElo "2248"]
[EventDate "2003.10.10"]
[PlyCount "38"]

1.e4 c5 2.Nf3 Nc6 3.d4 cxd4 4.Nxd4 g6 5.Nc3 Bg7 6.Be3 Nf6 7.Qd2 O-O 8.
O-O-O d5 9.Kb1 Nxd4 10.e5 Ng4 11.Bxd4 Nxe5 12.Qe1 Qd6 13.f4 Ng4 14.Bxg7 
Kxg7 15.Nxd5 Be6 16.h3 Nh6 17.Qc3+ f6 18.Bc4 Bxd5 19.Bxd5 Qxf4 1/2-1/2

[Event "7th Essent op"]
[Site "Hoogeveen NED"]
[Date "2003.10.17"]
[Round "8.24"]
[White "Doggers, Peter"]
[Black "Van Weersel, Arlette"]
[Result "0-1"]
[WhiteElo "2209"]
[BlackElo "2128"]
[EventDate "2003.10.10"]
[PlyCount "74"]

1.e4 e5 2.Nf3 Nc6 3.Bb5 a6 4.Ba4 Nf6 5.O-O Be7 6.Re1 b5 7.Bb3 O-O 8.d4 d6 
9.c3 Bg4 10.d5 Na5 11.Bc2 c5 12.Nbd2 Qb6 13.b3 Rfc8 14.h3 Bd7 15.Nf1 Nb7 
16.a4 bxa4 17.bxa4 Na5 18.N3h2 c4 19.Rb1 Qc7 20.f4 Ne8 21.fxe5 dxe5 22.Nf3
Rab8 23.Be3 Rxb1 24.Qxb1 Rb8 25.Qa2 f6 26.N3d2 Bc5 27.Kh1 Nd6 28.Rb1 Rf8 
29.Qb2 f5 30.Bxc5 Qxc5 31.Qb6 Nab7 32.Qxa6 fxe4 33.Rxb7 Nxb7 34.Qxb7 e3 
35.Qxd7 e2 36.Qe6+ Kh8 37.Qxe5 Rxf1+ 0-1

[Event "7th Essent op"]
[Site "Hoogeveen NED"]
[Date "2003.10.17"]
[Round "8.25"]
[White "Hulshof, Peter"]
[Black "Knol, Geon"]
[Result "1-0"]
[WhiteElo "2202"]
[BlackElo "2163"]
[EventDate "2003.10.10"]
[PlyCount "143"]

1.g3 d5 2.Bg2 c6 3.d3 Nf6 4.Nf3 Nbd7 5.O-O e5 6.c4 d4 7.Na3 Bd6 8.Nc2 c5 
9.Bd2 Rb8 10.b4 b6 11.a4 O-O 12.a5 bxa5 13.b5 Bc7 14.Ra3 Re8 15.Qa1 Bb7 
16.Bxa5 Bb6 17.Bd2 e4 18.Nfe1 Qe7 19.Bf4 Rbc8 20.Qc1 Qe6 21.Na1 Nh5 22.Nb3
Nxf4 23.Qxf4 exd3 24.exd3 Bxg2 25.Nxg2 Qg6 26.Nd2 Bc7 27.Qf3 Ne5 28.Qd5 
Nxd3 29.Nh4 Nf4 30.Nxg6 Nxd5 31.Nh4 Nc3 32.Rxa7 g6 33.Nhf3 Bd8 34.Re1 
Rxe1+ 35.Nxe1 g5 36.h3 h5 37.Nd3 Nxb5 38.cxb5 Bb6 39.Ra6 c4 40.Nxc4 Rxc4 
41.Rxb6 Rc3 42.Ne5 h4 43.gxh4 gxh4 44.Rd6 Rxh3 45.Rxd4 Rb3 46.Rg4+ Kf8 47.
Rf4 Rxb5 48.Nxf7 Kg7 49.Nd6 Rb1+ 50.Kh2 Rb2 51.Nf5+ Kg6 52.Nxh4+ Kg5 53.
Kg3 Rb1 54.Rf5+ Kh6 55.Rd5 Kg7 56.Rd6 Kf7 57.f4 Rg1+ 58.Ng2 Ke7 59.Ra6 Kf7
60.Kf2 Rb1 61.Ne3 Rh1 62.Kf3 Rh3+ 63.Ke4 Rh1 64.Ra7+ Kf8 65.f5 Rh4+ 66.Ke5
Rb4 67.Nd5 Rb1 68.Kf6 Kg8 69.Rg7+ Kf8 70.Rf7+ Ke8 71.Nc7+ Kd8 72.Ne6+ 1-0

[Event "7th Essent op"]
[Site "Hoogeveen NED"]
[Date "2003.10.17"]
[Round "8.26"]
[White "Van Lommel, Patrick"]
[Black "Galje, Hans"]
[Result "1/2-1/2"]
[WhiteElo "2168"]
[BlackElo "2089"]
[EventDate "2003.10.10"]
[PlyCount "53"]

1.Nf3 Nf6 2.c4 c5 3.Nc3 d5 4.cxd5 Nxd5 5.e4 Nb4 6.Bb5+ N8c6 7.d4 cxd4 8.a3
dxc3 9.Qxd8+ Kxd8 10.axb4 cxb2 11.Bxb2 e6 12.O-O f6 13.e5 Be7 14.Bxc6 bxc6
15.Nd4 Bd7 16.Ra6 Kc7 17.Nxc6 Bc8 18.Rxa7+ Rxa7 19.Nxa7 Bd7 20.Rc1+ Kb7 
21.b5 Rd8 22.Nc6 Bxc6 23.bxc6+ Kc7 24.Kf1 Rd5 25.exf6 gxf6 26.Ke2 f5 27.
Rc4 1/2-1/2

[Event "7th Essent op"]
[Site "Hoogeveen NED"]
[Date "2003.10.17"]
[Round "8.27"]
[White "Rothuis, Vincent"]
[Black "Nagel, Yvette"]
[Result "1/2-1/2"]
[WhiteElo "2071"]
[BlackElo "2075"]
[EventDate "2003.10.10"]
[PlyCount "109"]

1.e4 c5 2.Nf3 e6 3.d4 cxd4 4.Nxd4 Nf6 5.Bd3 Nc6 6.Nxc6 dxc6 7.O-O e5 8.Nd2
Be7 9.Nc4 Qc7 10.Qe1 Be6 11.Qc3 Bxc4 12.Qxc4 O-O 13.Be3 Ng4 14.Bd2 Qb6 15.
h3 Nf6 16.Be3 Qc7 17.Rfd1 a6 18.Qb3 Nd7 19.Qc3 Rfd8 20.f3 Nf8 21.Qb3 b5 
22.a4 Ne6 23.Qc3 Bd6 24.Kh1 h6 25.Ra2 Qb7 26.Rda1 Bc7 27.axb5 cxb5 28.Qe1 
Bb6 29.Bxb6 Qxb6 30.Ra5 Qc6 31.Qc3 Qxc3 32.bxc3 Rac8 33.Rxa6 Rxc3 34.Rb6 
Nd4 35.Ra2 Rdc8 36.Ra7 Nxc2 37.Bxc2 Rxc2 38.Rxb5 R2c5 39.Rbb7 Rf8 40.Kh2 
h5 41.Kg3 g6 42.Kh4 Kg7 43.Rd7 Rc2 44.Kg3 h4+ 45.Kh2 Rc6 46.Re7 Kf6 47.
Red7 g5 48.Ra2 Kg6 49.g3 hxg3+ 50.Kxg3 Rh8 51.Rad2 Rh4 52.R2d6+ Rxd6 53.
Rxd6+ f6 54.Rd8 Kf7 55.Rd7+ 1/2-1/2

[Event "7th Essent op"]
[Site "Hoogeveen NED"]
[Date "2003.10.17"]
[Round "8.28"]
[White "Markus, John Raymond"]
[Black "Malinarski, Yehuda"]
[Result "1-0"]
[WhiteElo "2206"]
[BlackElo "2180"]
[EventDate "2003.10.10"]
[PlyCount "111"]

1.d4 d5 2.Nf3 Nf6 3.Bf4 e6 4.e3 Bd6 5.Bg3 O-O 6.Nbd2 c5 7.c3 b6 8.Ne5 Bb7 
9.Bh4 Be7 10.f4 Nbd7 11.Bd3 Nxe5 12.fxe5 Ne4 13.Bxe7 Qxe7 14.O-O f6 15.
exf6 Rxf6 16.Rxf6 Qxf6 17.Qe2 Nxd2 18.Qxd2 Qg5 19.Qf2 Qe7 20.Rf1 Bc6 21.h4
Be8 22.Qf4 Bg6 23.Bxg6 hxg6 24.dxc5 e5 25.Qg3 bxc5 26.Qxg6 Rb8 27.b3 d4 
28.cxd4 exd4 29.exd4 Qe3+ 30.Kh2 Qxd4 31.Qf7+ Kh8 32.Qe7 Rb6 33.Rf8+ Kh7 
34.Rf5 Rh6 35.g3 c4 36.bxc4 Qxc4 37.Qf7 Qd3 38.Rf3 Qc2+ 39.Rf2 Qc5 40.Qf5+
Qxf5 41.Rxf5 Ra6 42.Rf2 Rb6 43.Kh3 Kg6 44.Rf4 a5 45.Kg4 Ra6 46.Ra4 Kf6 47.
Kf4 g6 48.g4 Ke6 49.Kg5 Ke5 50.h5 gxh5 51.gxh5 Ra8 52.h6 Rg8+ 53.Kh5 Ra8 
54.h7 Kf6 55.Kh6 Kf5 56.Rxa5+ 1-0